| 000 | 00472 a2200157 4500 | ||
|---|---|---|---|
| 999 |
_c10215 _d10215 |
||
| 020 | _a9781409102762 | ||
| 050 | _aPR813.6 CAM 2014 | ||
| 100 |
_a Cameron, Christian _d1962- _eauthor |
||
| 245 |
_aTyrant : _b force of kings/ _cChristian Cameron. |
||
| 264 |
_aLondon : _bOrion, _c2014. |
||
| 300 | _a422 pages : illustrations, maps ; 20 cm | ||
| 500 | _ano index | ||
| 650 |
_aMacedonia _x History |
||
| 650 |
_a Europe _x Macedonia. |
||
| 942 |
_2lcc _cBK _h813.6 _iCAM _kPR |
||